| 000 | 01479nam a2200253Ia 4500 | ||
|---|---|---|---|
| 999 |
_c55939 _d55939 |
||
| 001 | 23038 | ||
| 003 | GE_BSU | ||
| 005 | 20211227131609.0 | ||
| 008 | 181216s1988ge xx |||||||||||||| ||geo|| | ||
| 040 | _cGE_BSU | ||
| 041 | _ageo | ||
| 080 | _a821(4-15).09 დ-23 | ||
| 245 |
_aდასავლეთ ევროპის ლიტერატურა (XX საუკუნე) : _bლიტერატურის ისტორია, პოეტიკა, ურთიერთობანი / _cწინასიტყვ. ავტ.: ნ. კაკაბაძე ; რედ: ნ. ორლოვსკაია, ა. კაკაბაძე. |
||
| 264 |
_aთბილისი : _bთბილ. უნ-ტის გამ-ბა, _c1988. |
||
| 300 |
_a361 გვ . : _b3 ფ. ილ. ; _c21 სმ. |
||
| 500 | _aსაძიებელი: გვ. 356-361. | ||
| 504 | _aბიბლ.: გვ. 355 (8 სხწ). | ||
| 653 | _aდასავლეთ ევროპის ლიტერატურა (XX საუკუნე) | ||
| 653 | _aლიტერატურის ისტორია, პოეტიკა, ურთიერთობანი | ||
| 700 |
_aკაკაბაძე, ნ _eწინასიტყვ. ავტორი _913359 |
||
| 700 |
_aორლოვსკაია, ნ _eრედაქტორი _91244 |
||
| 700 |
_a კაკაბაძე, ა _eრედაქტორი _913360 |
||
| 942 |
_cBK _2udc |
||